000 00534nam a2200193 a 4500
001 BRCA_7010
005 20190320205658.0
008 231111s1936----mx-######b---#000-0#spa-#
041 _aspa
044 _amx
050 4 _aZ345
_b.C65
_c1936
245 1 0 _aPrimer Congreso Bibliográfico Mexicano
_bIV Centenario de la Imprenta en México
260 _aMéxico
_bAteneo Nacional de Ciencias y Artes
_c1936
300 _a230 p.
_c23 cm.
500 _aI170
650 1 4 _aBibliografía
_zMéxico
_917440
902 _aGFM
942 _2lcc
_cB
999 _c6691
_d6691